000 00534nam a2200217 454500
001 040026
003 BD-ChCU
008 Eng
020 _a053405658x
040 _aDLC
_cDLC
_dBD-ChCU
082 0 0 _a300.72/B112p
100 1 _aBabbie, Earl
_bx
245 1 0 _aThe Practice of Social research
_bx
250 _a4
260 _aBelmont, California
_bWadsworth Pub.
_c1980
300 _axxii,577p
504 _aIndex
650 0 _aSocial sciences -Research
_bSocial sciences -Methodology
700 1 _ax
942 _2ddc
_cBK
999 _c40026
_d40026